000
00314nam a22001337a 4500
020
_a
1-59339-267-2
082
_a
030
_b
BRI/L
100
_a
BRITANNICA
245
_a
LEARNING LIBRARY
260
_a
DELHI
_b
ENCYCLOPEDIA BRITANNICA (INDIA) PVT LTD
_c
2006
300
_a
575
650
_a
ENCYCLOPEDIA
_z
INDIA
942
_c
BK
999
_c
2198
_d
2198